000 00569nam a2200229Ia 4500
003 OSt
005 20220924152133.0
006 a|||||r|||| 00| 0
007 ta
008 220923b |||||||| |||| 00| 0 hin d
024 _a341080
037 _cTextual
040 _aARTS
_cARTS
_bhin
041 _2hin
_ahin
082 _aO155,2NSo,1, J9
100 _aSonurkar Au.
_9225920
245 0 _aBadi
260 _c1959
650 _aMARATHI LITERATURE
_938000
942 _hO155,2NSo,1, J9
_cTEXL
_2CC
999 _c468839
_d468839